Normal view MARC view

Entry Meeting Name

Number of records used in: 2

001 - CONTROL NUMBER

  • control field: 27

003 - CONTROL NUMBER IDENTIFIER

  • control field: OSt

005 - DATE AND TIME OF LATEST TRANSACTION

  • control field: 20201110080213.0

008 - FIXED-LENGTH DATA ELEMENTS

  • fixed length control field: 201110|| aca||aabn | a|a d

040 ## - CATALOGING SOURCE

  • Original cataloging agency: OSt

111 ## - HEADING--MEETING NAME

  • Meeting name or jurisdiction name as entry element: Noto, P. Frank MD

Powered by Koha